Central Library OPAC University of Rajshahi

The English and Empire digest : (Record no. 79757)

MARC details
000 -LEADER
fixed length control field 00800nam a2200229 a 4500
001 - CONTROL NUMBER
control field 79757
003 - CONTROL NUMBER IDENTIFIER
rucl marc code BD-RjUL
005 - DATE AND TIME OF LATEST TRANSACTION
control field 20220425150453.0
008 - FIXED-LENGTH DATA ELEMENTS--GENERAL INFORMATION
fixed length control field 220425s1940 enk||||| |||| 00| 0 eng d
035 ## - SYSTEM CONTROL NUMBER
System control number (BD-RjUL)79757
040 ## - CATALOGING SOURCE
Original cataloging agency BD-RjUL
Language of cataloging eng
Transcribing agency BD-RjUL
041 ## - LANGUAGE CODE
Language code of text/sound track or separate title eng
082 ## - DEWEY DECIMAL CLASSIFICATION NUMBER
Edition number 23
Classification number 348.42046
Author mark and year ENG 1940
245 ## - TITLE STATEMENT
Title The English and Empire digest :
Remainder of title with complete and exhaustive annotations. Cumulative supplement bringing the work up to 1940 /
Statement of responsibility, etc. edited by Philip F. Skottowe.
246 ## - VARYING FORM OF TITLE
Title proper/short title English and Empire digest. Supplement 1940.
300 ## - PHYSICAL DESCRIPTION
Pagination v.;
Size 25 cm.
505 01 - FORMATTED CONTENTS NOTE
Formatted contents note VOl.1-22
650 ## - SUBJECT ADDED ENTRY--TOPICAL TERM
Topical term or geographic name as entry element Law reports, digests, etc.
General subdivision Great Britain.
9 (RLIN) 2761
Topical term or geographic name as entry element Law reports, digests, etc.
General subdivision Commonwealth countries.
9 (RLIN) 2762
700 ## - ADDED ENTRY--PERSONAL NAME
Personal name Skottowe, Philip F.
942 ## - ADDED ENTRY ELEMENTS (KOHA)
Source of classification or shelving scheme Dewey Decimal Classification
Koha item type Books
Holdings
Lost status Source of classification or shelving scheme Damaged status Not for loan Collection code Permanent Location Current Location Shelving location Date acquired Source of acquisition Cost, normal purchase price Total Checkouts Full call number Date last seen Copy number Koha item type
  Dewey Decimal Classification   Not For Loan Non-fiction Central Library, University of Rajshahi Central Library, University of Rajshahi Reading Room 12/12/1955 Allies books 16.30   348.42046 ENG 1940 25/04/2022 C-1 Books